[Event "BRA CEAX op 2nd "]
[Site "Brazil"]
[Date "2003.07.05"]
[Round "3"]
[White "Nascimento, G."]
[Black "Knoblauch, Walter Lucas"]
[Result "0-1"]
[WhiteElo "1800"]
[BlackElo "1746"]
[PlyCount "100"]
[EventDate "2003.07.??"]
[EventType "swiss"]
[EventRounds "6"]
[EventCountry "BRA"]
[SourceTitle "EXT 2006"]
[Source "ChessBase"]
[SourceDate "2005.11.24"]
[SourceVersion "1"]
[SourceVersionDate "2005.11.24"]
[SourceQuality "1"]

1. d4 d5 2. e3 Nf6 3. Bd3 g6 4. f4 Bg4 5. Nf3 Ne4 6. Bxe4 dxe4 7. h3 exf3 8. hxg4 fxg2 9. Rg1 e5 10. fxe5 Qh4+ 11. Ke2 Qxg4+ 12. Ke1 Qg3+ 13. Ke2 Nc6 14. Qe1 Qg4+ 15. Kf2 Be7 16. Rxg2 Bh4+ 17. Kf1 Qh3 18. Qe2 Qh1+ 19. Rg1 Qe4 20. Rg4 Qf5+ 21. Rf4 Qh3+ 22. Qg2 Qxg2+ 23. Kxg2 Be1 24. d5 Nxe5 25. Re4 f6 26. Bd2 Bxd2 27. Nxd2 0-0-0 28. Nc4 Rxd5 29. Nxe5 Rxe5 30. Rxe5 fxe5 31. Rd1 Rf8 32. Rd5 Re8 33. Kg3 c6 34. Rd6 Kc7 35. Rf6 Kd7 36. Rf7+ Re7 37. Rf2 Ke6 38. Kg4 Rf7 39. Rxf7 Kxf7 40. Kg5 Ke6 41. Kh6 Kf5 42. Kxh7 g5 43. Kh6 g4 44. Kh5 g3 45. Kh4 g2 46. Kh3 g1Q 47. b4 Qg4+ 48. Kh2 Ke4 49. c4 Kf3 50. b5 Qg2# 0-1

[Event "BRA CEAX op 2nd "]
[Site "Brazil"]
[Date "2003.07.04"]
[Round "1"]
[White "Lage, Sergio Correa Magal"]
[Black "Nascimento, G."]
[Result "1-0"]
[WhiteElo "1837"]
[BlackElo "1800"]
[PlyCount "55"]
[EventDate "2003.07.??"]
[EventType "swiss"]
[EventRounds "6"]
[EventCountry "BRA"]
[SourceTitle "EXT 2006"]
[Source "ChessBase"]
[SourceDate "2005.11.24"]
[SourceVersion "1"]
[SourceVersionDate "2005.11.24"]
[SourceQuality "1"]

1. f4 d5 2. Nf3 f6 3. e3 e6 4. Be2 c6 5. b3 Bd6 6. Bb2 Nd7 7. c4 Qc7 8. Nc3 f5 9. Nxd5 cxd5 10. Bxg7 dxc4 11. Bxh8 Bb4 12. Bxc4 Ndf6 13. Ng5 Qc6 14. Qe2 h6 15. Bb5 hxg5 16. Bxc6+ bxc6 17. fxg5 Ne4 18. Qh5+ Kd8 19. 0-0 Nxd2 20. Rfd1 Ba6 21. a3 Ba5 22. b4 Bb6 23. Rxd2+ Kc7 24. Qf7+ Kc8 25. Qxg8+ Kb7 26. Rd7+ Bc7 27. Rxc7+ Kxc7 28. Qxa8 1-0